000 00493pab a2200169 454500
008 180718b2002 xxu||||| |||| 00| 0 eng d
100 _aSibbald, Alexander
245 _aAn examination of key factors of influence in the development process of credit union industries
260 _c2002
300 _ap.399-428.
362 _aSep
650 _aCredit
700 _aMckillop, Donal
700 _aFerguson, Charles
773 _aAnnals of Public and Cooperative Economics
909 _a54775
999 _c54775
_d54775